عرض عادي
عرض مارك
- Waksmundzka-Hajnos, Monika.
مدخل إسم شخص
001 - رقم الضبط
- حقل الضبط: 19083
003 - معرف رقم الضبط
- حقل الضبط: OSt
005 - تاريخ ووقت أخر عملية
- حقل الضبط: 20121228225517.0
008 - عناصر بيانات ثابتة الطول
- حقل تحكم ثابت الطول: 121228|||a|||||| | ||| d
040 ## - مصدر الفهرسة
- هيئة الفهرسة الأصلية: OSt
- وكالة الكتابة: OSt
100 ## - مدخل -- أسم شخص
- إسم شخص: Waksmundzka-Hajnos, Monika.
670 ## - بيانات المصدر موجوده
- الاستشهاد بالمصدر: Work cat.: (OSt)0: High performance liquid chromatography in phytochemical analysis /, c2011.
